000 00870cam a22002893a 4500
001 17686
003 PGUSA
005 20140828083357.0
008 060206s2006||||xxu|||||s|||||000 | eng d
040 _aPGUSA
_beng
042 _adc
050 4 _aPR
100 1 _aShakespeare, William,
_d1564-1616
245 1 0 _aTroilus ja Cressida
_h[electronic resource] /
_cWilliam Shakespeare
260 _bProject Gutenberg,
_c2006
506 _aPublic domain in the USA.
516 _aElectronic text
653 _aCressida (Fictitious character) -- Drama
653 _aTroilus (Legendary character) -- Drama
653 _aTrojan War -- Drama
653 _aTragicomedy
653 _aTroy (Extinct city) -- Drama
700 1 _aCajander, Paavo Emil,
_d1846-1913
830 0 _aProject Gutenberg
_v17686
856 4 0 _uhttp://www.gutenberg.org/ebooks/17686
942 _cEB
999 _c246941
_d246941